00357nam a2200133Ia 4500008004100000050000900041050001600050100001900066245002400085245005800109260000900167300001500176440003200191170203s9999 xx 000 0 und d aFic  b.C752t 1994 aConnelly, Neil 2aA Tale Told Twice / cNeil Connelly (Author), Carolyn Bracken (Illustrator) c1994 a10 pages : aTale from the Carrot Patch